U.S. States with the Lowest Scrabble Score - Statistics

General Stats
  • This quiz has been taken 33 times
  • The average score is 9 of 12
Answer Stats
Points U.S. State % Correct
7 Iowa
100%
7 Ohio
96%
9 Idaho
89%
7 Maine
89%
7 Oregon
89%
7 Utah
89%
8 Illinois
85%
8 Indiana
78%
9 Georgia
74%
9 Montana
74%
9 Tennessee
59%
9 Louisiana
26%
No matching quizzes found
Score Distribution
Percent of People with Each Score
Percentile by Number Answered
Your Score History
You have not taken this quiz